000
00327nam a22001457a 4500
008
210514b ||||| |||| 00| 0 eng d
020
_a
0256019266
041
_a
eng
080
_2
9th
_a
338
082
_a
338
100
_a
53
101
_a
MEN
245
_a
Modern Retailing Management
_c
Delbert J. Ducan
942
_2
udc
_c
BK
999
_c
57322
_d
57322